000 00298nam a22001217a 4500
020 _a9788176489263
082 _a664.027
_bMAH/FO
100 _aMahindru, S.N
245 _aFood preservation and irradiation
260 _aNew Delhi
_bA P H Publishing corporation
_c2005
300 _a230
942 _cBK
999 _c13750
_d13750